[Event "TV2 Fagernes International 2018"]
[Site "Scandic Hotel Fagernes"]
[Date "2018.03.25"]
[Round "9"]
[White "HagesÃ¦ther, Arne"]
[Black "Aroven, Mikael"]
[Result "1-0"]
[WhiteElo "2002"]
[BlackElo "2121"]
[PlyCount "143"]
[EventDate "2018.??.??"]

1. d4 Nf6 2. Bf4 d6 3. Nc3 Nh5 4. Bd2 g6 5. e4 Bg7 6. Be2 Nf6 7. Be3 c6 8. h4
h5 9. Qd2 Qc7 10. f3 b5 11. Nh3 Bxh3 12. Rxh3 Nbd7 13. Bd3 a6 14. a4 O-O 15.
Bh6 e5 16. d5 b4 17. Bxg7 Kxg7 18. Ne2 cxd5 19. exd5 Nc5 20. Bf5 Rg8 21. Rg3
Kh7 22. Qg5 Qd8 23. Bh3 Nxd5 24. O-O-O Nb6 25. Qd2 Qc7 26. Qxd6 Qxd6 27. Rxd6
Nbxa4 28. b3 Nc3 29. Nxc3 bxc3 30. Rd5 Nb7 31. Rxe5 Rge8 32. f4 f5 33. Rxc3 Nd6
34. Rc7+ Kh6 35. Rd5 Re1+ 36. Kb2 Re6 37. Rd7 Ne4 38. Rc7 Nf6 39. Rd2 Rae8 40.
Ra7 Rb6 41. Rd3 Rbe6 42. c4 Re2+ 43. Ka3 R2e6 44. Rb7 Ne4 45. Rdd7 Rh8 46. Rbc7
Nf6 47. Rf7 Ne8 48. Rb7 Nd6 49. Rbe7 Re4 50. Rxe4 Nxe4 51. Ra7 Rd8 52. Rxa6 Kg7
53. b4 Rd1 54. Rc6 Nc3 55. Kb2 Ne2 56. b5 Rd2+ 57. Ka3 Nxf4 58. b6 Rd8 59. Rc7+
Kf6 60. c5 Nd5 61. Rc6+ Ke5 62. Rxg6 Ra8+ 63. Kb3 Ra5 64. Kc4 Ra1 65. Rg5 Rc1+
66. Kb5 Ne7 67. Bxf5 Nxf5 68. c6 Rb1+ 69. Ka6 Ra1+ 70. Kb7 Kf6 71. Rxf5+ Kxf5
72. c7 1-0

[Event "TV2 Fagernes International 2018"]
[Site "Scandic Hotel Fagernes"]
[Date "2018.03.25"]
[Round "9"]
[White "LÃ¸bersli, Henrik Ã~ie"]
[Black "Hoem, Tor Wetle"]
[Result "1-0"]
[WhiteElo "2081"]
[BlackElo "1953"]
[PlyCount "63"]
[EventDate "2018.??.??"]

1. d4 Nf6 2. c4 g6 3. g3 Bg7 4. Nf3 O-O 5. Bg2 c5 6. d5 b5 7. cxb5 a6 8. bxa6
Nxa6 9. Nc3 d6 10. O-O Rb8 11. Re1 Nd7 12. e4 Nb6 13. Bf1 Nc7 14. a4 Na6 15. e5
Nb4 16. Bf4 Bb7 17. exd6 exd6 18. Nb5 N6xd5 19. Bxd6 Bxb2 20. Bxf8 Bxa1 21. Bd6
Bc3 22. Bxb8 Bxe1 23. Be5 Qe7 24. Qxe1 Nb6 25. a5 Bxf3 26. axb6 Nd5 27. b7 Qxb7
28. Ba1 Qd7 29. Qe5 f6 30. Qb8+ Kg7 31. Nd6 Nc7 32. Qxc7 1-0

[Event "TV2 Fagernes International 2018"]
[Site "Scandic Hotel Fagernes"]
[Date "2018.03.25"]
[Round "9"]
[White "Gjestemoen-Vonhirsch, Andre"]
[Black "Loberg, Jo Kristian"]
[Result "1/2-1/2"]
[WhiteElo "1691"]
[BlackElo "2060"]
[PlyCount "81"]
[EventDate "2018.??.??"]

1. e4 c5 2. Nf3 d6 3. Bb5+ Bd7 4. Bxd7+ Qxd7 5. c4 g6 6. d4 cxd4 7. Nxd4 Bg7 8.
Nc3 Nc6 9. Be3 Nf6 10. f3 O-O 11. O-O Rac8 12. b3 a6 13. Qd2 Nxd4 14. Bxd4 b5
15. cxb5 axb5 16. Rfc1 Rc7 17. a4 bxa4 18. bxa4 Ra8 19. Rcb1 Rb7 20. Rb2 e6 21.
Rab1 Rxb2 22. Qxb2 Ne8 23. Bxg7 Nxg7 24. Qb6 Ne8 25. a5 Qc8 26. Rb3 Qc4 27. Ra3
Ra6 28. Qb5 Qd4+ 29. Kf1 Ra8 30. Qc6 Rb8 31. Qa4 Qd3+ 32. Ne2 Qb1+ 33. Kf2 Nc7
34. a6 Qb6+ 35. Kg3 Ra8 36. a7 d5 37. exd5 Nxd5 38. Nd4 Ne7 39. Qd7 Qxd4 40.
Qxe7 Qe5+ 41. Kf2 1/2-1/2

[Event "TV2 Fagernes International 2018"]
[Site "Scandic Hotel Fagernes"]
[Date "2018.03.25"]
[Round "9"]
[White "Darnell, Anton"]
[Black "Vitenberg, Noam Aviv"]
[Result "0-1"]
[WhiteElo "2029"]
[BlackElo "1975"]
[PlyCount "78"]
[EventDate "2018.??.??"]

1. e4 c6 2. d4 d5 3. exd5 cxd5 4. Bd3 Nc6 5. c3 Qc7 6. Ne2 Bg4 7. O-O Nf6 8.
Qe1 Bh5 9. Bf4 Qd7 10. Nd2 e6 11. Bg3 Bg6 12. Nf4 Bd6 13. Nxg6 hxg6 14. Nf3
Bxg3 15. hxg3 O-O-O 16. Ne5 Nxe5 17. dxe5 Ng4 18. Qe2 Nh6 19. a4 Rh7 20. a5
Rdh8 21. f3 Nf5 22. Bxf5 gxf5 23. Kf2 Kb8 24. Rfd1 Qc6 25. Rd4 Rh1 26. Raa4 Qc5
27. a6 b6 28. Rab4 Ra1 29. Rb5 Qc6 30. Rbb4 g5 31. c4 Rhh1 32. cxd5 Qc1 33. Qd2
Qg1+ 34. Ke2 Qf1+ 35. Ke3 Re1+ 36. Qxe1 Qxe1+ 37. Kd3 exd5 38. Kc2 Qxe5 39. Kb3
Ra1 0-1

[Event "TV2 Fagernes International 2018"]
[Site "Scandic Hotel Fagernes"]
[Date "2018.03.25"]
[Round "9"]
[White "Ukkelberg, Ã~yvind"]
[Black "Shehzad, Shazil"]
[Result "1/2-1/2"]
[WhiteElo "1939"]
[BlackElo "1912"]
[PlyCount "82"]
[EventDate "2018.??.??"]

1. Nf3 c5 2. b3 Nc6 3. Bb2 Nf6 4. e3 g6 5. d4 cxd4 6. exd4 d5 7. Bd3 Bg7 8. O-O
O-O 9. Re1 Re8 10. Nbd2 Nb4 11. Bb5 Bd7 12. Bxd7 Nxd7 13. a3 Nc6 14. b4 a6 15.
c4 dxc4 16. Nxc4 Nf6 17. Nce5 Qd6 18. Rc1 Rac8 19. Qa4 b5 20. Qb3 e6 21. Ng5
Rf8 22. Nexf7 Rxf7 23. Rxe6 Qd7 24. Rcxc6 Rxc6 25. Rxc6 Nd5 26. Rc5 Rf5 27. Ne4
Bf8 28. Rxd5 Qe6 29. h3 Bd6 30. g4 Rf4 31. f3 Rf7 32. Bc1 Kg7 33. Kg2 Rd7 34.
Be3 h6 35. Nd2 Re7 36. Bf2 Bf4 37. Nf1 Kf6 38. Bg3 Qe2+ 39. Bf2 Qe6 40. Bg3
Qe2+ 41. Bf2 Qe6 1/2-1/2

[Event "TV2 Fagernes International 2018"]
[Site "Scandic Hotel Fagernes"]
[Date "2018.03.25"]
[Round "9"]
[White "Bernstein, Jonas August"]
[Black "Filen, Hannu"]
[Result "0-1"]
[WhiteElo "1637"]
[BlackElo "1930"]
[PlyCount "52"]
[EventDate "2018.??.??"]

1. d4 d5 2. c4 c6 3. Nf3 Nf6 4. Nc3 e6 5. e3 Nbd7 6. Qc2 Bd6 7. b3 Bb4 8. Bd2
Bxc3 9. Bxc3 Ne4 10. Bd3 f5 11. b4 Ndf6 12. Ne5 O-O 13. O-O-O Qe8 14. h3 b6 15.
Rdg1 a5 16. g4 Nxc3 17. Qxc3 axb4 18. Qxb4 Rxa2 19. gxf5 exf5 20. Qxb6 Bd7 21.
f3 Qa8 22. Qc5 Ra1+ 23. Kd2 Ra2+ 24. Kc1 Qb8 25. Kd1 Qb3+ 26. Ke1 Qc3+ 0-1

[Event "TV2 Fagernes International 2018"]
[Site "Scandic Hotel Fagernes"]
[Date "2018.03.25"]
[Round "9"]
[White "Myrheim, HÃ¥kon Abeland"]
[Black "Mjaaland, Bendik"]
[Result "1-0"]
[WhiteElo "1914"]
[BlackElo "1694"]
[PlyCount "27"]
[EventDate "2018.??.??"]

1. e4 e5 2. Nf3 Nc6 3. Nc3 Nf6 4. d4 exd4 5. Nxd4 Bb4 6. Nxc6 bxc6 7. Bd3 d5 8.
exd5 cxd5 9. O-O O-O 10. Bg5 c6 11. Na4 Re8 12. c3 Bd6 13. Bc2 Bxh2+ 14. Kxh2
1-0

[Event "TV2 Fagernes International 2018"]
[Site "Scandic Hotel Fagernes"]
[Date "2018.03.25"]
[Round "9"]
[White "Gundersen, Ingvar"]
[Black "Aarnes, Eirik"]
[Result "0-1"]
[WhiteElo "1888"]
[BlackElo "1785"]
[PlyCount "75"]
[EventDate "2018.??.??"]

1. e4 d5 2. e5 c5 3. Bb5+ Bd7 4. Qe2 e6 5. Nf3 a6 6. Bxd7+ Qxd7 7. O-O Nc6 8.
c3 Nge7 9. d4 cxd4 10. cxd4 Nf5 11. Be3 Be7 12. Nc3 b5 13. b3 h5 14. a3 f6 15.
Rfd1 Kf7 16. Bf4 Qa7 17. Qd3 Rad8 18. b4 h4 19. Rac1 Qd7 20. h3 Rdg8 21. Ne2 g5
22. exf6 Bxf6 23. Bh2 g4 24. hxg4 Rxg4 25. Rxc6 Qxc6 26. Rc1 Qe8 27. Rc7+ Kg8
28. Nf4 h3 29. Nxd5 Rxg2+ 30. Kh1 Qg6 31. Nxf6+ Qxf6 32. Qc3 Rxh2+ 33. Kxh2 Ne7
34. Qe3 Nd5 35. Rc8+ Kg7 36. Rc7+ Nxc7 37. Ne5 Nd5 38. Qg3+ 0-1

[Event "TV2 Fagernes International 2018"]
[Site "Scandic Hotel Fagernes"]
[Date "2018.03.25"]
[Round "9"]
[White "Rolstad, Morten"]
[Black "Hestvik, Elias"]
[Result "1-0"]
[WhiteElo "1850"]
[BlackElo "1572"]
[PlyCount "48"]
[EventDate "2018.??.??"]

1. e4 c5 2. Nf3 d6 3. d4 cxd4 4. Nxd4 g6 5. Be3 Bg7 6. Nc3 Nc6 7. Qd2 Nf6 8. f3
O-O 9. O-O-O a6 10. g4 Nxd4 11. Bxd4 b5 12. h4 b4 13. Nd5 Nxd5 14. Bxg7 Kxg7
15. Qxd5 Rb8 16. h5 Be6 17. Qd2 Rh8 18. h6+ Kf8 19. e5 d5 20. Bc4 Rg8 21. Bxd5
Bxd5 22. Qxd5 Qxd5 23. Rxd5 g5 24. Rhd1 f6 1-0

[Event "TV2 Fagernes International 2018"]
[Site "Scandic Hotel Fagernes"]
[Date "2018.03.25"]
[Round "9"]
[White "Stai, Sondre"]
[Black "Tocklin, Tomi"]
[Result "1-0"]
[WhiteElo "1636"]
[BlackElo "1844"]
[PlyCount "37"]
[EventDate "2018.??.??"]

1. e4 c6 2. Nc3 d5 3. Nf3 dxe4 4. Nxe4 Nf6 5. Ng3 g6 6. d4 Bg7 7. Bg5 Bg4 8.
Be2 O-O 9. Qd2 c5 10. h3 Be6 11. O-O Nc6 12. dxc5 Qxd2 13. Bxd2 Nd5 14. c4 Ndb4
15. Bc3 Bxc3 16. bxc3 Na6 17. Nd4 Nxc5 18. Rab1 b6 19. Nxc6 1-0

[Event "TV2 Fagernes International 2018"]
[Site "Scandic Hotel Fagernes"]
[Date "2018.03.25"]
[Round "9"]
[White "Sidali, Elias Hulleberg"]
[Black "Lang, Gusztav Jr"]
[Result "1-0"]
[WhiteElo "1840"]
[BlackElo "1630"]
[PlyCount "73"]
[EventDate "2018.??.??"]

1. d4 Nf6 2. Bf4 e6 3. Nf3 Bb4+ 4. c3 Be7 5. Nbd2 d5 6. e3 O-O 7. Bd3 Nbd7 8.
O-O c5 9. Ne5 c4 10. Bc2 Nxe5 11. Bxe5 Nd7 12. Bg3 f5 13. b3 b5 14. a4 cxb3 15.
Bxb3 bxa4 16. Bxa4 a5 17. Qc2 Ba6 18. Rfb1 Nb6 19. Bc6 Ra7 20. Rxa5 Bd3 21.
Rxa7 Bxc2 22. Bc7 Bxb1 23. Bxd8 Bxd8 24. Nxb1 Nc4 25. Bd7 Kf7 26. Bb5+ Kf6 27.
Bxc4 dxc4 28. Nd2 Bb6 29. Ra6 Rb8 30. g3 Bd8 31. Nxc4 Rc8 32. Ra4 Kg5 33. Nd6
Rxc3 34. Nf7+ Kg4 35. Nxd8 Kf3 36. Ra1 Rc2 37. Nxe6 1-0

[Event "TV2 Fagernes International 2018"]
[Site "Scandic Hotel Fagernes"]
[Date "2018.03.25"]
[Round "9"]
[White "Mella, Aage"]
[Black "Smedsrud, Morten S"]
[Result "1/2-1/2"]
[WhiteElo "1720"]
[BlackElo "1349"]
[PlyCount "83"]
[EventDate "2018.??.??"]

1. c4 c6 2. d4 d5 3. e3 Bf5 4. Nc3 e6 5. Nf3 Nf6 6. Bd2 Bd6 7. Qb3 Qb6 8. Qxb6
axb6 9. Nh4 Bg6 10. f3 Na6 11. cxd5 Nb4 12. Rc1 exd5 13. e4 dxe4 14. Nxg6 hxg6
15. Nxe4 Be7 16. a3 Nbd5 17. Bc4 O-O-O 18. Ng5 Rhf8 19. Kf2 Rd7 20. Rhe1 Bd6
21. g3 Bc7 22. Bf1 b5 23. Bh3 Bb6 24. Bc3 Nh5 25. Re2 f5 26. Rce1 Nc7 27. Rd2
Nf6 28. Ne6 Rh8 29. Kg2 Re8 30. Rde2 Nxe6 31. Rxe6 Rxe6 32. Rxe6 Bxd4 33. Bxd4
Rxd4 34. Re2 Kc7 35. Kf2 Kd6 36. Bf1 b6 37. Rc2 Nd7 38. Be2 Ne5 39. Ke3 Kd5 40.
h3 Nc4+ 41. Bxc4+ bxc4 42. h4 1/2-1/2

[Event "TV2 Fagernes International 2018"]
[Site "Scandic Hotel Fagernes"]
[Date "2018.03.25"]
[Round "9"]
[White "Selvik, Kjetil"]
[Black "Haynes, Noah"]
[Result "0-1"]
[WhiteElo "1535"]
[BlackElo "1648"]
[PlyCount "62"]
[EventDate "2018.??.??"]

1. d4 Nf6 2. Bf4 d5 3. e3 Bf5 4. c4 e6 5. Qb3 Qc8 6. Nc3 c6 7. Nf3 Be7 8. Be2
O-O 9. O-O Nbd7 10. Nh4 Bg6 11. Bg3 Bh5 12. Bxh5 Nxh5 13. cxd5 Nxg3 14. fxg3
exd5 15. Ne2 Bxh4 16. gxh4 Nf6 17. Rf3 Qd7 18. Raf1 Ne4 19. Qd1 Rae8 20. Ng3
Nxg3 21. Rxg3 Re4 22. Rh3 Qe7 23. Qe1 Re8 24. Rff3 Rxd4 25. Qa5 Rd1+ 26. Kf2 b6
27. Qc3 Qc5 28. Qb3 Rd2+ 29. Kg3 Qc2 30. Qb4 Rxg2+ 31. Kf4 Re4+ 0-1

[Event "TV2 Fagernes International 2018"]
[Site "Scandic Hotel Fagernes"]
[Date "2018.03.25"]
[Round "9"]
[White "Skrede, Alexander"]
[Black "GjÃ¦re, Vidar"]
[Result "0-1"]
[WhiteElo "1242"]
[BlackElo "1623"]
[PlyCount "88"]
[EventDate "2018.??.??"]

1. e4 g6 2. d4 Bg7 3. Nc3 d6 4. Bg5 a6 5. Qd2 b5 6. f3 Bb7 7. O-O-O Nd7 8. g4
h5 9. gxh5 Rxh5 10. Be2 Rxg5 11. f4 Rg2 12. Qe3 Rxe2 13. Qxe2 e6 14. Nh3 Qe7
15. Rhe1 O-O-O 16. Nxb5 axb5 17. Qxb5 Nb8 18. Re3 c6 19. Qa4 Qc7 20. Rb3 Kd7
21. Qb4 Ba6 22. e5 d5 23. Ng5 Bf8 24. Qc3 Bc4 25. Nxf7 Bxb3 26. Nxd8 Qxd8 27.
Qxb3 Ne7 28. Rg1 Na6 29. Qa3 Nc7 30. Rg3 Nb5 31. Qb4 Nf5 32. Qe1 Nxg3 33. Qxg3
Qa5 34. Qh4 Nxd4 35. Kd1 Qxa2 36. Qh7+ Be7 37. Qxg6 Qxb2 38. Qh7 Nf5 39. h3
Qd4+ 40. Ke2 Qe3+ 41. Kd1 c5 42. Qh8 Nd4 43. Qh7 c4 44. f5 Qe2+ 0-1

[Event "TV2 Fagernes International 2018"]
[Site "Scandic Hotel Fagernes"]
[Date "2018.03.25"]
[Round "9"]
[White "Galinskyi, Mykhalo"]
[Black "Skotheim, HÃ¥vard"]
[Result "1-0"]
[WhiteElo "1515"]
[BlackElo "1324"]
[PlyCount "71"]
[EventDate "2018.??.??"]

1. e4 e6 2. d4 d5 3. exd5 exd5 4. Bd3 c5 5. c3 Nf6 6. Nf3 Nc6 7. Bf4 Be7 8.
Nbd2 O-O 9. O-O Re8 10. Re1 Bd7 11. dxc5 Bxc5 12. Rxe8+ Qxe8 13. Nb3 Bb6 14.
Qe1 Bg4 15. Qxe8+ Rxe8 16. Re1 Bxf3 17. Rxe8+ Nxe8 18. gxf3 Nf6 19. Be3 Bc7 20.
Nd4 Ne5 21. Be2 a6 22. f4 Nc4 23. Bxc4 dxc4 24. Kg2 g6 25. Kf3 Nd5 26. Ke4 Nxe3
27. fxe3 f5+ 28. Kd5 Bd8 29. Kxc4 Be7 30. Ne6 Kf7 31. Nc5 Bxc5 32. Kxc5 Ke6 33.
c4 h6 34. Kb6 g5 35. Kxb7 g4 36. c5 1-0

[Event "TV2 Fagernes International 2018"]
[Site "Scandic Hotel Fagernes"]
[Date "2018.03.25"]
[Round "9"]
[White "Odden, Jan Ove"]
[Black "Sola, Roar"]
[Result "0-1"]
[WhiteElo "1500"]
[BlackElo "1378"]
[PlyCount "61"]
[EventDate "2018.??.??"]

1. d4 Nf6 2. c4 g6 3. Nc3 Bg7 4. e4 d6 5. Be2 O-O 6. Bg5 e5 7. Nf3 Nc6 8. h3 a6
9. Qd2 Qe8 10. O-O exd4 11. Nxd4 Nxe4 12. Nxe4 Qxe4 13. Nxc6 Qxc6 14. Rad1 Bf5
15. b3 Qd7 16. Bf3 Rab8 17. c5 Be5 18. Rfe1 f6 19. Bh6 Rfe8 20. Bxb7 g5 21. h4
Kh8 22. Bxa6 Qc6 23. Bc4 Be4 24. hxg5 Bxg2 25. f4 Bf3 26. gxf6 Qxc5+ 27. Qf2
Bxf6 28. Qxc5 dxc5 29. Rxe8+ Rxe8 30. Rd7 Bg4 31. Bd3 0-1

[Event "TV2 Fagernes International 2018"]
[Site "Scandic Hotel Fagernes"]
[Date "2018.03.25"]
[Round "9"]
[White "Larsen, Per Magnus"]
[Black "StrÃ¸mhaug, Kristoffer Wang"]
[Result "0-1"]
[WhiteElo "1357"]
[BlackElo "1472"]
[PlyCount "62"]
[EventDate "2018.??.??"]

1. d4 Nf6 2. c4 g6 3. Nc3 Bg7 4. e4 d6 5. Bg5 Nbd7 6. Be2 O-O 7. Qd2 c5 8. d5
a6 9. Bh6 Ne5 10. Bxg7 Kxg7 11. h3 Rb8 12. f4 Ned7 13. Nf3 Qa5 14. O-O b5 15.
a3 Nh5 16. Kf2 Qb6 17. g4 Nhf6 18. e5 dxe5 19. fxe5 Ne8 20. Kg3 bxc4 21. Rab1
Qc7 22. d6 exd6 23. Nd5 Qd8 24. Bxc4 Nxe5 25. Nxe5 dxe5 26. Qe3 Qd6 27. Rfd1 f5
28. gxf5 Bxf5 29. Qg5 Bxb1 30. Rxb1 e4+ 31. Nf4 h6 0-1